| 000 | 02487nam2a2200205 4500 | ||
|---|---|---|---|
| 001 | RU\NLR\PER_A\022404442_000230 | ||
| 005 | 20260322051341.0 | ||
| 035 | _a(NLR Aleph) 022759055 | ||
| 090 |
_a13640816 _c13640816 |
||
| 100 | _a20260319d2025 u y0rusy50 ca | ||
| 101 | 0 | _arus | |
| 102 | _aRU | ||
| 200 | 0 | _a2025, № 4 (56) | |
| 210 | _d2025 | ||
| 461 | 0 |
_1001RU\NLR\BIBL_A\022404442 _12001#$aПриродные и техногенные риски (физико-математические и прикладные аспекты)$dNatural and man-made risks (physico-mathematical and applied aspects)$eнаучно-аналитический журнал$fМЧС России, Федеральное государственное бюджетное образовательное учреждение высшего образования "Санкт-Петербургский университет государственной противопожарной службы Министерства Российской Федерации по делам гражданской обороны, чрезвычайным ситуациям и ликвидации последствий стихийных бедствий имени Е. Н. Зиничева"$zeng$v2025, № 4 (56) _913495908 _cСанкт-Петербург _d2023 - _fМЧС России, Федеральное государственное бюджетное образовательное учреждение высшего образования "Санкт-Петербургский университет государственной противопожарной службы Министерства Российской Федерации по делам гражданской обороны, чрезвычайным ситуациям и ликвидации последствий стихийных бедствий имени Е. Н. Зиничева" _lNatural and man-made risks (physico-mathematical and applied aspects) _nСанкт-Петербургский университет государственной противопожарной службы МЧС России _oнаучно-аналитический журнал _tПриродные и техногенные риски (физико-математические и прикладные аспекты) _x2307-7476 _v2025, № 4 (56) |
|
| 852 |
_aNLR _jП11/6421 |
||
| 942 | _cISSUE | ||
| 980 | _aRUSPER | ||
| 980 | _aNB | ||